कामुकता, पोर्नोग्राफी और स्त्रीवाद (Record no. 1009691)

MARC details
000 -LEADER
fixed length control field 00970nam a2200241Ia 4500
003 - CONTROL NUMBER IDENTIFIER
control field OSt
005 - DATE AND TIME OF LATEST TRANSACTION
control field 20251016172143.0
008 - FIXED-LENGTH DATA ELEMENTS--GENERAL INFORMATION
fixed length control field 221004b |||||||| |||| 00| 0 hin d
020 ## - INTERNATIONAL STANDARD BOOK NUMBER
International Standard Book Number 8188904198 (hbk)
037 ## - SOURCE OF ACQUISITION
Terms of availability Textual
040 ## - CATALOGING SOURCE
Original cataloging agency CRL
Transcribing agency CRL
Language of cataloging hin
041 ## - LANGUAGE CODE
Source of code hin
Language code of text/sound track or separate title hin
084 ## - COLON CLASSIFICATION NUMBER
Classification number S:55, 152P7
100 ## - MAIN ENTRY--PERSONAL NAME
Personal name चतुर्वेदी, जगदीश्वर
9 (RLIN) 848650
245 #0 - TITLE STATEMENT
Title कामुकता, पोर्नोग्राफी और स्त्रीवाद
246 ## - VARYING FORM OF TITLE
Title proper/short title Kāmukatā, pornogrāfī aur strīvāda
260 ## - PUBLICATION, DISTRIBUTION, ETC.
Place of publication, distribution, etc. कोलकाता, भारत:
Name of publisher, distributor, etc. आनन्द प्रकाशन,
Date of publication, distribution, etc. 2007.
300 ## - PHYSICAL DESCRIPTION
Extent 427पृ0
Dimensions cm.
700 ## - ADDED ENTRY--PERSONAL NAME
Personal name सुधा सिंह
9 (RLIN) 848651
942 ## - ADDED ENTRY ELEMENTS (KOHA)
Classification part S:55, 152P7
Koha item type Textual
Source of classification or shelving scheme Colon Classification (CC)
Suppress in OPAC No
Holdings
Withdrawn status Lost status Damaged status Not for loan Home library Current library Date acquired Source of acquisition Cost, normal purchase price Total Checkouts Full call number Barcode Date last seen Date last checked out Cost, replacement price Price effective from Koha item type
        Central Library Arts Library 2022-10-05 1465, 17/03/2011, Kiran Book Service 700.00 2 S:55 152P7 AL1347481 2026-04-07 2026-02-10 700.00 2022-10-05 Textual
        Central Library Central Library 2022-10-05 1465, 17/03/2011, Kiran Book Service 700.00   S:55 152P7 CL1548233 2022-10-05   700.00 2022-10-05 Textual
Copyright @ Delhi University Library System